Statistiques concernant Harry Potter - Questions en chaîne #1

Cliquez ici pour prendre le quiz!

Statistiques générales

  • Ce quiz a été pris 146 fois
  • Le résultat moyen est 20 sur 50

Statistiques - réponses

QuestionsRéponses% Correct
Quel est le titre du premier livre de Harry Potter?Harry Potter à l'école des sorciers
99%
Celle-ci a été créée par un alchimiste dont le nom est...Nicolas Flamel
64%
Harry voit son nom sur une carte de chocogrenouille à l'effigie de...Albus Dumbledore
59%
Qui est le titre de quel tome? (numéro)6
56%
Pieces qui sont généralement gardées à...Gringotts
54%
Poste qui à toujours été convoité par qui?Severus Rogue
54%
Dont la salle commune se trouve à coté de quelle pièce?Les cuisines
53%
Qui est élève de quelle maison?Poufsouffle
53%
Dont le titre en VO se traduit littéralement...Harry Potter et la pierre philosophale
52%
Qui, avec deux autres objets, forment...Les reliques de la mort
52%
Dont le nom de famille inspira à son fils le surnom de...Prince de sang mêlé
52%
Le 4eme a un lien de parenté avec Harry, lequel?C'est son père
51%
Il lui lègue quel objet à sa mort?La cape d'invisibilité
51%
Où travaillent quelles créatures?Les elfes de maison
51%
Qui est qui pour Harry Potter?Son parrain
51%
Qui est géré par quelles créatures?Les gobelins
50%
Deux numéros au-dessus du coffre de qui?Sirius Black
50%
Tome où Harry explore le passé de Voldemort au moyen de quel objet?La pensine
49%
Objet qui se trouve dans quelle pièce?Le bureau de Dumbledore
49%
Dont le plus connu est...Gripsec
48%
Qui sera engagé pour enseigner quelle matière?Défense contre les forces du mal
47%
Que Dumbledore lègue à qui? (tome 7)Hermione Granger
47%
Magasin situé où?A Pré-au-Lard
46%
Harry le connait grâce à quel objet?La carte du maraudeur
45%
Dont la mère est...Nymphadora Tonks
44%
Qui exerce le métier de...Auror
43%
Tout comme son mentor qui est...Alastor Maugrey
40%
La troisième monnaie du monde magique est ...le gallion
40%
Elles sont connues grâce à un célebre conte pour enfant qui s'intitule...Le conte des trois frères
37%
Qui détruit quel horcruxe?le diadème de Rowena Serdaigle
37%
Qu'Hermione essaie de libérer en fondant une association nommée...S.A.L.E.
37%
Harry est lui même celui de...Teddy Lupin
36%
Il fait partie d'un recueil de contes intitulé...Les contes de Beedle le Barde
35%
Qui est dévié sur qui?Gregory Goyle
34%
Dont la fille a été tuée par...le Baron Sanglant
32%
Friandise que l'on peu se procurer où?Honeydukes
29%
Dont la mère s'appelait?Eileen Prince
27%
Qui mène Harry et Hagrid à la chambre forte où est gardée la pierre philosophale et qui porte le numéro...713
25%
Où Harry se rend par quel passage secret?La Sorcière borgne
23%
Qui est chef d'une assemblée de sorciers dont le nom est...Magenmagot
23%
Dont l'ami inséparable a lancé quel maléfice lors de la bataille de Poudlard?Feudeymon
22%
Qui a été créé par 4 personnages dont les surnoms sont... (noms dans l'ordre)Lunard, Queudver, Patmol et Cornedrue
22%
Dont la tante de quelle élève est membre?Susan Bones
22%
Qui est un... magiquetribunal
20%
Dont le montant pour en devenir membre s'élève à...2 mornilles
17%
Cette monnaie vaut combien de noises?29 noises
12%
Quel est le sort pour l'ouvrir? (Formule)Dissendium
9%
Qui est victime de quel sort que Drago destinait à Harry? (tome 4)dentesaugmento
7%
On y accède au moyen de quel mot de passe au début de cette année là?Suçacide
6%
En même temps que Harry lançait quel sort à Drago?Furunculus
2%

Distribution des résultats

Percentile par nombre de réponses

% des personnes avec chaque résultat

Votre développement - résultats

Vous n’avez pas pris ce quiz